000 04803namaa22004451i 4500
003 EG-GICUC
005 20260312101340.0
008 260304s2025 ua a|| frm||| 000 0 eng d
040 _aEG-GICUC
_beng
_cEG-GICUC
_dEG-GICUC
_erda
041 0 _aeng
_beng
_bara
049 _aDeposit
082 0 4 _a631.8
092 _a631.8
_221
097 _aM.Sc
099 _aCai01.07.14.M.Sc.2025.Al.E
100 0 _aAlzahraa Mohsen Abd El-wahab,
_epreparation.
245 1 0 _aEffect of some organic and mineral fertilizer on growth and productivity of foundation potato seeds produced in vitro /
_cby Alzahraa Mohsen Abd El-wahab ; Supervisors Dr. Sahar Sameh Taha, Dr. Ahmed Abdel-Wahab Ahmed, Dr. Ahmed Mohamed Magdy Gabr.
246 1 5 _aتأثير بعض الاسمدة العضوية والمعدنية على نمو وانتاجية تقاوي الاساس في البطاطس الناتجة معمليا
264 0 _c2025.
300 _a109 pages :
_billustrations ;
_c25 cm. +
_eCD.
336 _atext
_2rda content
337 _aUnmediated
_2rdamedia
338 _avolume
_2rdacarrier
502 _aThesis (M.Sc)-Cairo University, 2025.
504 _aBibliography: pages 83-108.
520 3 _aThis study was conducted to evaluate whether organic fertilization alone or with some ameliorative substances could replace mineral fertilization in minituber potato production to increase the quantity and quality of two cultivars (Cara and Hermes) of potato minituber produced from in vitro. Two pots experiments were conducted at the greenhouse of the Regional Research Center located in New Vally Governorate during the winter seasons of 2021/2022 and 2022/2023 in Egypt. The experiment included twelve treatments: 1- 100% compost; 2- 100% seaweed; 3- 100% compost + vinase; 4- 100%seaweed +vinase; 5- 50%compost +50% NPK; 6- 50%seaweed +50%NPK; 7- 25%compost +75% NPK + vinase; 8- 25%seaweed +75%NPK+Vinase; 9-75 kg K2O/ fed; 10-100kg K2O / fed; 11- 120kg K2O/ fed and 12-25%compost+75 % NPK (control). The treatments were arranged in completely randomized blocks design with three replicates. The results indicated that plant height, average minituber weight, minituber weight/pot and starch % in both seasons, chlorophyll reading in the first season as well as leave area in the second season were significantly higher in Cara cultivar than Hermes cultivar, whereas shoot weight in both seasons, chlorophyll reading in the second season as well as stem number of potato plant only in the first season were significantly higher in Hermes cultivar than Cara cultivar. On the other hand, the treatment of 120 kg K2O caused a significant increment of plant height, leaf area, shoot weight, stem number starch % and chlorophyll reading, 90 DAP, followed by 100 kg K2O. Moreover, the mixture among 25% compost+ 75%NPK + vinase gave the highest values of tubers number, average minituber weight and minituber weight/pot.
520 3 _aهدفت الدراسة إلى تقييم استبدال التسميد المعدني بالتسميد العضوي أو بمزيج من المواد المُحسّنة (مثل الفيناس) لإنتاج درنات بطاطس صغيرة لصنفي "كارا" و"هيرميس" من المزارع النسيجية. أُجريت التجربة داخل صوب بمحافظة الوادي الجديد خلال موسمي 2021/2022 و2022/2023، وشملت 12 معاملة مختلفة بين التسميد العضوي والمعدني ومحسنات النمو. أظهرت النتائج تفوق الصنف "كارا" من حيث صفات الدرنة والنشا، بينما امتاز "هيرميس" في النمو الخضري. وحققت معاملة ٢٥٪ سماد عضوي + ٧٥٪ NPK + فيناس أعلى إنتاجية وجودة. تُوصي الدراسة باستخدام تلك التركيبة لتحسين إنتاج البطاطس وتقليل الاعتماد على التسميد المعدني
530 _aIssues also as CD.
546 _aText in English and abstract in Arabic & English.
650 0 _aFertilizer
650 0 _aالأسمدة
653 1 _aSolanum tuberosum
_acompost
_aseaweed
_avinasse
_apotassium
_agrowth
_ayield
_aبطاطس
_aسماد بوتاسي
700 0 _aSahar Sameh Taha
_ethesis advisor.
700 0 _aAhmed Abdel-Wahab Ahmed
_ethesis advisor.
700 0 _aAhmed Mohamed Magdy Gabr
_ethesis advisor.
900 _b01-01-2025
_cSahar Sameh Taha
_cAhmed Abdel-Wahab Ahmed
_cAhmed Mohamed Magdy Gabr
_dIbrahim Abdel Maksoud Ibrahim
_dMohamed Mohamed Shahein
_UCairo University
_FFaculty of Agriculture
_DDepartment of Vegetable Crops
905 _aShimaa
_eEman Ghareb
942 _2ddc
_cTH
_e21
_n0
999 _c178879